000 00765nas a2200241 4500
001 BR9600747
003 BR-BrBNA
005 20231205095658.0
007 ta
008 230509b bl.|||p| |||| 00| 00por d
040 _aBR-BrBNA
_bpor
_cBiblioteca Nacional de Agricultura
041 _a(Pt)
072 _aL53
100 1 _aVeado, B.V.
100 1 _aPereira, V.S.
245 1 _aAlguns aspectos reprodutivos do lobo guara (Chrysocyon brachyurus, Canidae)em cativeiro
650 _aAnimal Selvagem
650 _aReproducao Animal
650 _aCriacao em Cativeiro
773 0 _tRevista Brasileira de Reproducao Animal (Brazil)
_xISSN 0102-0803
_g(1995), v. 19(1-2) p. 131-140
_wBR9600747
909 _a202311
_bLúcia
_c55
_dLúcia Elande
942 _2AGRIS
_n0
_cANA
999 _c152083
_d152083